Adhunik shikshatattwa aru niti (Record no. 2079)

MARC details
000 -LEADER
fixed length control field 00508cam a2200193ua 4500
001 - CONTROL NUMBER
control field 2213
005 - DATE AND TIME OF LATEST TRANSACTION
control field 20260515113448.0
008 - FIXED-LENGTH DATA ELEMENTS--GENERAL INFORMATION
fixed length control field 111126n ii |||gr||||Z||||||asm
040 ## - CATALOGING SOURCE
Transcribing agency MAIN
082 ## - DEWEY DECIMAL CLASSIFICATION NUMBER
Classification number 370
100 ## - MAIN ENTRY--PERSONAL NAME
Personal name Devi, Renu ,
Relator term Author.
245 1# - TITLE STATEMENT
Title Adhunik shikshatattwa aru niti
Statement of responsibility, etc. by Renu Devi
250 ## - EDITION STATEMENT
Edition statement 1st.
260 ## - PUBLICATION, DISTRIBUTION, ETC.
Place of publication, distribution, etc. Guahati:
Name of publisher, distributor, etc. Secretary university co-ordination committee,974.
300 ## - PHYSICAL DESCRIPTION
Extent 233p:
Dimensions 23cm.
653 ## - INDEX TERM--UNCONTROLLED
Uncontrolled term Education
653 ## - INDEX TERM--UNCONTROLLED
Uncontrolled term Adhunik shikshatattwa aru niti
942 ## - ADDED ENTRY ELEMENTS (KOHA)
Koha item type Books
Holdings
Withdrawn status Lost status Damaged status Not for loan Home library Current library Shelving location Date acquired Total checkouts Full call number Barcode Date last seen Copy number Price effective from Koha item type
        Naharkatiya College Library Naharkatiya College Library General stacks 09/19/2020   370 | DEV 11255 09/19/2020 1 09/19/2020 Books